Southville International School and Colleges
Your cart is empty.
  • Cart
  • Lists
    Public lists Eva Luna New books Lux_list list_1
    Your lists Log in to create your own lists
  • Log in to your account
  • Your cookies
  • Search history
Southville International School and Colleges
  • Advanced search
  • Recent comments
  • Most popular
  • Libraries

Log in to your account

Log in with GOOGLE


If you do not have an external account, but do have a local account, you can still log in:

  1. Home
  2. MARC view: Presentation program :
Normal view MARC view ISBD view

Presentation program : (Record no. 3406)

[ view plain ]
MARC details
000 -LEADER
fixed length control field 00582nam a22001937a 4500
003 - CONTROL NUMBER IDENTIFIER
control field OSt
005 - DATE AND TIME OF LATEST TRANSACTION
control field 20140310181755.0
008 - FIXED-LENGTH DATA ELEMENTS--GENERAL INFORMATION
fixed length control field 130629t xxu||||| |||| 00| 0 eng d
020 ## - INTERNATIONAL STANDARD BOOK NUMBER
International Standard Book Number 9789814246026
050 ## - LIBRARY OF CONGRESS CALL NUMBER
Classification number T 385
Item number .Sh545 2008
082 ## - DEWEY DECIMAL CLASSIFICATION NUMBER
Classification number CS 005.36
Item number Sh3 2008
100 ## - MAIN ENTRY--PERSONAL NAME
Personal name Shelly, Gary B.
245 ## - TITLE STATEMENT
Title Presentation program :
Remainder of title essential concepts and techniques in microsoft powerpoint 2007 /
Statement of responsibility, etc Gary B. Shelly.
260 ## - PUBLICATION, DISTRIBUTION, ETC. (IMPRINT)
Place of publication, distribution, etc Singapore :
Name of publisher, distributor, etc Thomson Course Technology,
Date of publication, distribution, etc 2008.
300 ## - PHYSICAL DESCRIPTION
Extent vi. 160 p. :
Dimensions 26 cm.
942 ## - ADDED ENTRY ELEMENTS (KOHA)
Source of classification or shelving scheme Library of Congress Classification
Koha item type Books
Holdings
Withdrawn status Lost status Source of classification or shelving scheme Damaged status Home library Current library Shelving location Date acquired Total Checkouts Full call number Barcode Date last seen Copy number Price effective from Koha item type
    Library of Congress Classification   Luxembourg Library Luxembourg Library Computer Science Section 06/29/2013   T 385 .Sh545 2008 17623 08/13/2013 1 06/29/2013 Books
    Library of Congress Classification   Luxembourg Library Luxembourg Library Computer Science Section 06/29/2013   T 385 .Sh545 2008 17581 08/13/2013 2 06/29/2013 Books

Presentation program :

APA

Shelly G. B., . (2008). Presentation program. Singapore: Thomson Course Technology.

Chicago

Shelly Gary B, . 2008. Presentation program. Singapore: Thomson Course Technology.

Harvard

Shelly G. B., . (2008). Presentation program. Singapore: Thomson Course Technology.

MLA

Shelly Gary B, . Presentation program. Singapore: Thomson Course Technology. 2008.

  • Place hold
  • Print
  • Cite
  • Add to your cart (remove)
  • Save record
    BIBTEX Dublin Core MARCXML MARC (non-Unicode/MARC-8) MARC (Unicode/UTF-8) MARC (Unicode/UTF-8, Standard) MODS (XML) RIS
  • More searches
    Search for this title in:
    Other Libraries (WorldCat) Other Databases (Google Scholar) Online Stores (Bookfinder.com) Open Library (openlibrary.org)

Exporting to Dublin Core...

SOUTHVILLE LIBRARY

Southville International School and Colleges Library

1281 Tropical Ave. Cor. Luxembourg St., BF Homes International, Las Pinas City

Tel. No. 8256374 / 252358 Loc. 117/146

Powered by Koha